Every ride at Alton Towers - Statistics

General Stats
  • This quiz has been taken 43 times
  • The average score is 17 of 28
Answer Stats
Picture Answer % Correct
Nemesis
100%
Wicker Man
100%
The Smiler
97%
Oblivion
91%
Congo River Rapids
82%
Rita
82%
TH13TEEN
82%
Gangsta Granny The Ride
79%
Runaway Mine Train
79%
Spinball Whizzer
79%
Galactica
76%
The Blade
73%
Hex - The Legend Of The Towers
70%
Enterprise
64%
Funk 'n' Fly
61%
Roller Disco
58%
Duel: The Haunted House Strikes Back
55%
Spinjam
52%
Battle Galleons
48%
Heave Ho
48%
Maruader's Mayhem
45%
Peter Rabbit Hippity Hop
42%
Get Set Go Treetop Adventure
30%
In The Night Garden Magical Boat Ride
27%
Octonauts Rollercoaster Adventure
27%
Postman Pat Parcel Post
27%
Go Jetters Vroomster Zoom Ride
24%
Bugbie Go Round
21%
No matching quizzes found
Score Distribution
Percent of People with Each Score
Percentile by Number Answered
Your Score History
You have not taken this quiz